<?xml version="1.0" encoding="UTF-8"?>
<record
    xmlns:xsi="http://www.w3.org/2001/XMLSchema-instance"
    xsi:schemaLocation="http://www.loc.gov/MARC21/slim http://www.loc.gov/standards/marcxml/schema/MARC21slim.xsd"
    xmlns="http://www.loc.gov/MARC21/slim">

  <leader>01216nam0a2200289   4500</leader>
  <controlfield tag="001">RU\NLR\bibl\1061457</controlfield>
  <controlfield tag="005">20260405134805.0</controlfield>
  <datafield tag="010" ind1=" " ind2=" ">
    <subfield code="a">5-9524-0968-7</subfield>
    <subfield code="9">4000</subfield>
  </datafield>
  <datafield tag="035" ind1=" " ind2=" ">
    <subfield code="a">(NLR Aleph) 001048724</subfield>
  </datafield>
  <datafield tag="090" ind1=" " ind2=" ">
    <subfield code="a">864818</subfield>
    <subfield code="c">864818</subfield>
  </datafield>
  <datafield tag="100" ind1=" " ind2=" ">
    <subfield code="a">20070320d2006    |||y0rusy50      ca</subfield>
  </datafield>
  <datafield tag="101" ind1="1" ind2=" ">
    <subfield code="a">rus</subfield>
    <subfield code="c">eng</subfield>
  </datafield>
  <datafield tag="102" ind1=" " ind2=" ">
    <subfield code="a">RU</subfield>
  </datafield>
  <datafield tag="105" ind1=" " ind2=" ">
    <subfield code="a">a   |||||||||</subfield>
  </datafield>
  <datafield tag="200" ind1="1" ind2=" ">
    <subfield code="a">&#x410;&#x440;&#x445;&#x435;&#x43E;&#x43B;&#x43E;&#x433;&#x438;&#x44F; &#x43E;&#x440;&#x443;&#x436;&#x438;&#x44F;</subfield>
    <subfield code="e">&#x43E;&#x442; &#x431;&#x440;&#x43E;&#x43D;&#x437;&#x43E;&#x432;&#x43E;&#x433;&#x43E; &#x432;&#x435;&#x43A;&#x430; &#x434;&#x43E; &#x44D;&#x43F;&#x43E;&#x445;&#x438; &#x420;&#x435;&#x43D;&#x435;&#x441;&#x441;&#x430;&#x43D;&#x441;&#x430;</subfield>
    <subfield code="f">&#x42D;&#x432;&#x430;&#x440;&#x442; &#x41E;&#x43A;&#x448;&#x43E;&#x442;&#x442;</subfield>
    <subfield code="g">[&#x43F;&#x435;&#x440;. &#x441; &#x430;&#x43D;&#x433;&#x43B;. &#x41C;.&#x41A;. &#x42F;&#x43A;&#x443;&#x448;&#x438;&#x43D;&#x43E;&#x439;]</subfield>
  </datafield>
  <datafield tag="210" ind1=" " ind2=" ">
    <subfield code="a">&#x41C;&#x43E;&#x441;&#x43A;&#x432;&#x430;</subfield>
    <subfield code="c">&#x426;&#x435;&#x43D;&#x442;&#x440;&#x43F;&#x43E;&#x43B;&#x438;&#x433;&#x440;&#x430;&#x444;</subfield>
    <subfield code="d">2006</subfield>
  </datafield>
  <datafield tag="215" ind1=" " ind2=" ">
    <subfield code="a">388,[10] &#x441;., [12] &#x43B;. &#x438;&#x43B;.</subfield>
    <subfield code="c">&#x438;&#x43B;., &#x43A;&#x430;&#x440;&#x442;.</subfield>
    <subfield code="d">21</subfield>
  </datafield>
  <datafield tag="300" ind1=" " ind2=" ">
    <subfield code="a">&#x417;&#x430;&#x433;&#x43B;. &#x438; &#x430;&#x432;&#x442;. &#x43E;&#x440;&#x438;&#x433;.: The archaeology of weapons/R. Ewart Ofkeshott</subfield>
  </datafield>
  <datafield tag="454" ind1=" " ind2="0">
    <subfield code="1">2001#$aThe archaeology of weapons$zeng</subfield>
    <subfield code="1">700#1$aOakeshott$bE. R.$gEwart R.$4070</subfield>
    <subfield code="t">The archaeology of weapons</subfield>
    <subfield code="a">Oakeshott, Ewart R.</subfield>
  </datafield>
  <datafield tag="606" ind1="0" ind2=" ">
    <subfield code="a">&#x41E;&#x440;&#x443;&#x436;&#x438;&#x435;</subfield>
    <subfield code="x">&#x418;&#x441;&#x442;&#x43E;&#x440;&#x438;&#x44F;</subfield>
    <subfield code="9">1288986</subfield>
    <subfield code="3">RU\NLR\auth\66214962</subfield>
  </datafield>
  <datafield tag="686" ind1=" " ind2=" ">
    <subfield code="a">&#x426;9&#x433;(0)</subfield>
  </datafield>
  <datafield tag="700" ind1=" " ind2="1">
    <subfield code="4">070</subfield>
    <subfield code="8">rus</subfield>
    <subfield code="7">ca</subfield>
    <subfield code="a">&#x41E;&#x43A;&#x448;&#x43E;&#x442;&#x442;</subfield>
    <subfield code="b">&#x42D;.</subfield>
    <subfield code="g">&#x42D;&#x432;&#x430;&#x440;&#x442;</subfield>
    <subfield code="3">RU\NLR\auth\7755255</subfield>
    <subfield code="9">38187</subfield>
  </datafield>
  <datafield tag="801" ind1=" " ind2="0">
    <subfield code="a">RU</subfield>
    <subfield code="b">NLR</subfield>
    <subfield code="c">20070320</subfield>
    <subfield code="g">RCR</subfield>
  </datafield>
  <datafield tag="801" ind1=" " ind2="1">
    <subfield code="a">RU</subfield>
    <subfield code="b">NLR</subfield>
    <subfield code="c">20070320</subfield>
  </datafield>
  <datafield tag="942" ind1=" " ind2=" ">
    <subfield code="c">BOOK</subfield>
  </datafield>
  <datafield tag="980" ind1=" " ind2=" ">
    <subfield code="a">NB</subfield>
  </datafield>
  <datafield tag="995" ind1=" " ind2=" ">
    <subfield code="5">2007-03-20</subfield>
    <subfield code="a">aa</subfield>
    <subfield code="b">NLR01</subfield>
    <subfield code="c">NLR01</subfield>
    <subfield code="e">RF9</subfield>
    <subfield code="f">1-257894</subfield>
    <subfield code="k">2007-3/8712</subfield>
    <subfield code="o">0</subfield>
    <subfield code="p">156.40</subfield>
    <subfield code="r">BOOK</subfield>
    <subfield code="s">200738712_</subfield>
  </datafield>
  <datafield tag="995" ind1=" " ind2=" ">
    <subfield code="5">2007-03-20</subfield>
    <subfield code="a">aa</subfield>
    <subfield code="b">NLR02</subfield>
    <subfield code="c">NLR02</subfield>
    <subfield code="e">UCHZ</subfield>
    <subfield code="f">1-145872</subfield>
    <subfield code="k">&#x423; &#x426;9/&#x41E;-529</subfield>
    <subfield code="o">0</subfield>
    <subfield code="p">156.40</subfield>
    <subfield code="r">BOOK</subfield>
    <subfield code="s">_9529</subfield>
  </datafield>
  <datafield tag="995" ind1=" " ind2=" ">
    <subfield code="5">2007-03-20</subfield>
    <subfield code="a">az</subfield>
    <subfield code="b">NLR01</subfield>
    <subfield code="c">NLR01</subfield>
    <subfield code="e">OZ1</subfield>
    <subfield code="f">2390907</subfield>
    <subfield code="o">0</subfield>
    <subfield code="r">BOOK</subfield>
  </datafield>
</record>
